[Event "Madrid-ch Previa B"]
[Site "Madrid ESP"]
[Date "2016.02.04"]
[Round "1.1"]
[White "Tapia Sanchez, Jose Manuel"]
[Black "Ocaña Lameiro, Oliver"]
[Result "0-1"]
[WhiteElo "1699"]
[BlackElo "1932"]
[PlyCount "30"]
[EventDate "2016.02.04"]
[EventType "swiss"]
[EventRounds "9"]
[EventCountry "ESP"]
[Source "lmi"]
[SourceDate "2016.02.04"]

1. e4 c6 2. Nf3 d5 3. exd5 cxd5 4. d4 Nf6 5. g3 Nc6 6. Bg2 Bg4 7. a3 e6 8. h3
Bh5 9. g4 Bg6 10. Bg5 Be7 11. Nbd2 Qb6 12. Nb3 a5 13. a4 Nb4 14. O-O Bxc2 15.
Qc1 Bxb3 0-1

[Event "Madrid-ch Previa B"]
[Site "Madrid ESP"]
[Date "2016.02.04"]
[Round "1.2"]
[White "Sotoca Aguado, Jose"]
[Black "Canseco Arenas, Alfonso"]
[Result "1/2-1/2"]
[WhiteElo "1928"]
[BlackElo "1697"]
[PlyCount "100"]
[EventDate "2016.02.04"]
[EventType "swiss"]
[EventRounds "9"]
[EventCountry "ESP"]
[Source "lmi"]
[SourceDate "2016.02.04"]

1. e4 c5 2. Nf3 e6 3. d4 cxd4 4. Nxd4 Nf6 5. Bd3 d6 6. O-O Be7 7. Nc3 O-O 8.
Kh1 Nc6 9. Nb3 Bd7 10. f4 a6 11. Be3 Rc8 12. a3 Na5 13. Qe2 Nxb3 14. cxb3 Bc6
15. Rad1 Qc7 16. b4 e5 17. Rf3 d5 18. exd5 Bd7 19. f5 Ng4 20. Rg3 Nxe3 21. Qxe3
f6 22. Qf3 Bd6 23. Ne4 Ba4 24. Rf1 Bb3 25. Nxd6 Qxd6 26. Be4 Bc2 27. h4 Rc4 28.
Bxc2 Rxc2 29. h5 h6 30. Qb3 Rfc8 31. Rc3 R8xc3 32. bxc3 Rd2 33. Rd1 Rf2 34. c4
Rxf5 35. Qh3 Rf4 36. c5 Qd8 37. d6 f5 38. Qb3+ Kf8 39. g3 Rg4 40. d7 Rd4 41.
Rxd4 exd4 42. Qd5 Ke7 43. Qxd4 Qxd7 44. Qxg7+ Kd8 45. Qxh6 Qd1+ 46. Kh2 Qe2+
47. Kh3 Qg4+ 48. Kg2 Qe2+ 49. Kg1 Qe1+ 50. Kg2 Qe2+ 1/2-1/2

[Event "Madrid-ch Previa B"]
[Site "Madrid ESP"]
[Date "2016.02.04"]
[Round "1.3"]
[White "Leniz Martinez, Francisco"]
[Black "Garcia Serrano, Jose M"]
[Result "0-1"]
[WhiteElo "1690"]
[BlackElo "1917"]
[PlyCount "110"]
[EventDate "2016.02.04"]
[EventType "swiss"]
[EventRounds "9"]
[EventCountry "ESP"]
[Source "lmi"]
[SourceDate "2016.02.04"]

1. d4 d5 2. Nf3 Nc6 3. c4 Bg4 4. Nc3 e6 5. cxd5 exd5 6. a3 a6 7. Bf4 Nf6 8. h3
Bxf3 9. gxf3 Bd6 10. Bg5 Be7 11. Qd3 O-O 12. e3 Nh5 13. Bxe7 Nxe7 14. Be2 Qd7
15. f4 Nf6 16. Bg4 Qd6 17. Bf3 Rfd8 18. O-O Qe6 19. Qe2 Qxh3 20. Bg2 Qh4 21.
Qf3 Rd6 22. Qh3 Qxh3 23. Bxh3 Rad8 24. Kg2 Nh5 25. Kf3 Rh6 26. Rh1 Nf6 27. b4
Ne8 28. Bg2 Rxh1 29. Rxh1 Nd6 30. Bf1 g6 31. Bd3 b5 32. Rc1 Nc4 33. Bxc4 dxc4
34. Ne4 f5 35. Nc5 Rd6 36. Nb7 Rc6 37. Nc5 h5 38. Ke2 Kg7 39. Kf3 Kh6 40. Kg3
Nd5 41. Kh4 Nf6 42. Kg3 g5 43. fxg5+ Kxg5 44. Kf3 h4 45. Rg1+ Kh5 46. Ke2 h3
47. Rh1 Kh4 48. f3 Nh5 49. Kf2 Rg6 50. Rh2 Nf6 51. Rh1 Nd5 52. e4 Rg2+ 53. Ke1
fxe4 54. fxe4 Ne3 55. e5 h2 0-1

[Event "Madrid-ch Previa B"]
[Site "Madrid ESP"]
[Date "2016.02.04"]
[Round "1.4"]
[White "Morera Rodriguez, Ignacio"]
[Black "Barragan Panal, Juan Jose"]
[Result "1-0"]
[WhiteElo "1895"]
[BlackElo "1681"]
[PlyCount "109"]
[EventDate "2016.02.04"]
[EventType "swiss"]
[EventRounds "9"]
[EventCountry "ESP"]
[Source "lmi"]
[SourceDate "2016.02.04"]

1. d4 Nf6 2. g3 e6 3. Bg2 Be7 4. Nf3 d6 5. O-O Nbd7 6. c4 O-O 7. Nc3 e5 8. d5
a5 9. Qc2 Nc5 10. Be3 Nfd7 11. a3 a4 12. Bh3 Nb3 13. Rad1 Ndc5 14. Bxc8 Qxc8
15. Nxa4 Rxa4 16. Bxc5 Nxc5 17. b4 Qg4 18. bxc5 Rxc4 19. Qb3 Rxc5 20. Qxb7 Qc4
21. Qb2 Bf6 22. Qd2 Ra8 23. Rc1 Qxd5 24. Qxd5 Rxd5 25. Rxc7 e4 26. Ne1 Rc5 27.
Rxc5 dxc5 28. Nc2 Rb8 29. Rc1 Kf8 30. Ne3 Bd4 31. Nc4 Ke7 32. e3 Bf6 33. Nd2
Bb2 34. Rb1 f5 35. Kf1 Be5 36. Rc1 Bd6 37. Nc4 g6 38. a4 Bc7 39. a5 Ra8 40. Ra1
Ra6 41. Ke2 Ke6 42. Kd2 Be5 43. Ra4 Bf6 44. Kc2 Kd7 45. Kb3 Kc6 46. Ra2 Kb5 47.
Rd2 Be7 48. Rd7 Re6 49. Rb7+ Ka6 50. Rb8 Bf6 51. Ka4 Bc3 52. Na3 Bb4 53. Nb5
Re7 54. Ra8+ Kb7 55. Ra7+ 1-0

[Event "Madrid-ch Previa B"]
[Site "Madrid ESP"]
[Date "2016.02.04"]
[Round "1.5"]
[White "Raya Rodriguez, Juan"]
[Black "Perea Blanco, David"]
[Result "0-1"]
[WhiteElo "1652"]
[BlackElo "1884"]
[PlyCount "62"]
[EventDate "2016.02.04"]
[EventType "swiss"]
[EventRounds "9"]
[EventCountry "ESP"]
[Source "lmi"]
[SourceDate "2016.02.04"]

1. d4 Nf6 2. Nf3 e6 3. Bg5 d5 4. e3 c5 5. c3 Nc6 6. Nbd2 Be7 7. Bd3 c4 8. Bc2
b5 9. O-O b4 10. Ne5 Nxe5 11. dxe5 Nd7 12. Bxe7 Qxe7 13. Ba4 O-O 14. f4 Nc5 15.
Bc2 bxc3 16. bxc3 f5 17. Rf3 Bd7 18. Rh3 Be8 19. g4 Bg6 20. gxf5 Bxf5 21. Bxf5
Rxf5 22. Nf3 Ne4 23. Rc1 Rb8 24. Nd4 Rff8 25. Nc6 Qa3 26. Nxb8 Rxb8 27. Rb1
Rxb1 28. Qxb1 Qxc3 29. Rf3 h6 30. Kg2 Qd2+ 31. Kh3 c3 0-1

[Event "Madrid-ch Previa B"]
[Site "Madrid ESP"]
[Date "2016.02.04"]
[Round "1.6"]
[White "Molina Garcia, Francisco J"]
[Black "Caravantes Camacho, Fernando"]
[Result "1-0"]
[WhiteElo "1876"]
[BlackElo "1634"]
[PlyCount "67"]
[EventDate "2016.02.04"]
[EventType "swiss"]
[EventRounds "9"]
[EventCountry "ESP"]
[Source "lmi"]
[SourceDate "2016.02.04"]

1. d4 c5 2. d5 Nf6 3. Nc3 g6 4. e4 d6 5. f4 Nbd7 6. Nf3 Nb6 7. a4 a5 8. e5 dxe5
9. fxe5 Nfxd5 10. Bb5+ Bd7 11. Nxd5 Bxb5 12. Nxb6 Qxb6 13. axb5 Qxb5 14. Qe2
Qc6 15. O-O Bg7 16. Bd2 O-O 17. Rxa5 Rxa5 18. Bxa5 Ra8 19. Bc3 f6 20. exf6 exf6
21. Qc4+ Kh8 22. Re1 b5 23. Qe6 Qxe6 24. Rxe6 Rf8 25. Rc6 b4 26. Bd2 f5 27. b3
Rd8 28. Rxc5 f4 29. Bxf4 Bc3 30. Be5+ Bxe5 31. Nxe5 Kg7 32. Nd3 Rb8 33. Rc4 Kf6
34. Nxb4 1-0

[Event "Madrid-ch Previa B"]
[Site "Madrid ESP"]
[Date "2016.02.04"]
[Round "1.7"]
[White "Barragan Arriaza, Pablo"]
[Black "Garcia Fernandez, Jesus"]
[Result "1-0"]
[WhiteElo "1616"]
[BlackElo "1844"]
[PlyCount "193"]
[EventDate "2016.02.04"]
[EventType "swiss"]
[EventRounds "9"]
[EventCountry "ESP"]
[Source "lmi"]
[SourceDate "2016.02.04"]

1. c4 e5 2. g3 Nc6 3. Bg2 f5 4. d3 Nf6 5. Nc3 Bc5 6. e3 O-O 7. Nge2 d6 8. a3 a5
9. O-O Qe8 10. d4 Bb6 11. Rb1 f4 12. d5 Ne7 13. exf4 Bf5 14. Ra1 Qh5 15. Na4
Ba7 16. Nec3 Bg4 17. Qc2 Nf5 18. Nb5 Nd4 19. Nxd4 exd4 20. Re1 d3 21. Qc3 Bf3
22. Bxf3 Qxf3 23. Be3 Ne4 24. Qxd3 Nxf2 25. Qf1 Bxe3 26. Rxe3 Qxe3 27. Qxf2
Rae8 28. Qxe3 Rxe3 29. Nc3 Rfe8 30. Kf2 Kf7 31. Rd1 b6 32. Rd2 Kf6 33. Re2
Rxe2+ 34. Nxe2 Re4 35. b3 Kf5 36. Kf3 h5 37. h3 Re7 38. Nd4+ Kf6 39. Ne6 g6 40.
g4 hxg4+ 41. hxg4 Rh7 42. g5+ Ke7 43. Kg4 c6 44. f5 gxf5+ 45. Kxf5 cxd5 46.
cxd5 Rh3 47. Nd4 Rd3 48. Ke4 Rd1 49. a4 Rg1 50. Kf5 Kf7 51. Nb5 Rf1+ 52. Ke4
Re1+ 53. Kd4 Ke7 54. Nc7 Rb1 55. Nb5 Rxb3 56. Nc3 Rb4+ 57. Kd3 Kf7 58. Ne4 Ke7
59. Nc3 Kf7 60. Ne4 Rxa4 61. Nxd6+ Kg6 62. Nc8 Kxg5 63. d6 Ra1 64. Nxb6 Rd1+
65. Kc4 Rxd6 66. Na4 Kf5 67. Nc3 Rb6 68. Nb5 Ke5 69. Kc5 Rb7 70. Kc4 Ke6 71.
Nd4+ Kd6 72. Nb5+ Kc6 73. Nd4+ Kb6 74. Nb5 Rh7 75. Nc3 Rh4+ 76. Kb3 Kc5 77.
Na4+ Kb5 78. Nc3+ Kc6 79. Na4 Rb4+ 80. Ka3 Kb5 81. Nc3+ Kc4 82. Na4 Kd3 83.
Nc5+ Kc4 84. Na4 Rb3+ 85. Ka2 Kb4 86. Nb6 a4 87. Nd5+ Kc5 88. Nf4 Kc4 89. Ne2
Rh3 90. Nf4 Rf3 91. Ng6 Kb4 92. Ne5 Rf2+ 93. Kb1 Kc3 94. Nc6 a3 95. Ka1 a2 96.
Na5 Rg2 97. Nb3 1-0

[Event "Madrid-ch Previa B"]
[Site "Madrid ESP"]
[Date "2016.02.04"]
[Round "1.8"]
[White "Yeves Miquel, Enrique"]
[Black "Ruiz Bazaga, Miriam"]
[Result "1-0"]
[WhiteElo "1836"]
[BlackElo "1590"]
[PlyCount "107"]
[EventDate "2016.02.04"]
[EventType "swiss"]
[EventRounds "9"]
[EventCountry "ESP"]
[Source "lmi"]
[SourceDate "2016.02.04"]

1. d4 d6 2. c4 Nf6 3. Nc3 g6 4. e4 Bg7 5. h3 Nbd7 6. Bd3 b6 7. Nf3 Bb7 8. Bg5
O-O 9. Qd2 Re8 10. O-O Rc8 11. b4 e5 12. d5 Ra8 13. a3 a5 14. Rfc1 Qb8 15. Bh6
Rc8 16. Bxg7 Kxg7 17. Qe3 c5 18. b5 Rf8 19. Nh4 Nh5 20. Qg5 Qd8 21. Nf5+ Kh8
22. Qxd8 Raxd8 23. Nxd6 Bc8 24. Nxc8 Rxc8 25. g3 Kg7 26. Be2 Nhf6 27. Bg4 Nxg4
28. hxg4 Rfe8 29. Kg2 Rcd8 30. Rh1 Rh8 31. f3 f6 32. Rad1 Rb8 33. f4 Rbd8 34.
g5 fxg5 35. fxg5 Rdf8 36. Rhf1 Rxf1 37. Rxf1 Rf8 38. Rd1 Rd8 39. Rd2 Rf8 40.
Nd1 Rd8 41. Ne3 Rf8 42. Ng4 Rf7 43. d6 Rf8 44. Rd5 Rd8 45. Nxe5 Nxe5 46. Rxe5
Rxd6 47. Rd5 Re6 48. Kf3 Kf7 49. Rd7+ Re7 50. Rxe7+ Kxe7 51. e5 Kf7 52. Ke4 Ke6
53. a4 Ke7 54. Kd5 1-0

[Event "Madrid-ch Previa B"]
[Site "Madrid ESP"]
[Date "2016.02.04"]
[Round "1.9"]
[White "Fernandez Estremera, Fernando"]
[Black "Camarero Izquierdo, Juan Carlos"]
[Result "0-1"]
[WhiteElo "1589"]
[BlackElo "1833"]
[PlyCount "88"]
[EventDate "2016.02.04"]
[EventType "swiss"]
[EventRounds "9"]
[EventCountry "ESP"]
[Source "lmi"]
[SourceDate "2016.02.04"]

1. d4 f5 2. c4 e6 3. Nc3 Bb4 4. Nf3 Nf6 5. Bg5 O-O 6. e3 b6 7. Bd3 Bb7 8. O-O
Qe8 9. Nb5 Na6 10. Bf4 Qd8 11. Qb3 Bxf3 12. gxf3 Be7 13. Qa4 Nb4 14. Bxc7 Qc8
15. Bd6 Nc6 16. Bxe7 Nxe7 17. Nc3 Qb7 18. Be2 Ng6 19. Qd1 Nh4 20. d5 e5 21. Kh1
d6 22. Rg1 Qf7 23. Nb5 Rad8 24. Nc3 h6 25. Qf1 Nh7 26. Qh3 Qf6 27. a4 f4 28. e4
Ng6 29. Qh5 Ng5 30. h4 Kf7 31. hxg5 hxg5 32. Qg4 Nh4 33. Qh5+ g6 34. Qxg5 Qh8
35. Rg4 Nxf3+ 36. Rh4 Nxg5 37. Rxh8 Rxh8+ 38. Kg1 f3 39. Bf1 Rh4 40. Nb5 a6 41.
Nc7 Rdh8 42. Bg2 Rg4 43. Kf1 fxg2+ 44. Ke2 Rh1 0-1

[Event "Madrid-ch Previa B"]
[Site "Madrid ESP"]
[Date "2016.02.04"]
[Round "1.10"]
[White "Serrano Garcia, Vicente"]
[Black "Alameda Arellano, Cristeto"]
[Result "1-0"]
[WhiteElo "1826"]
[BlackElo "1520"]
[PlyCount "45"]
[EventDate "2016.02.04"]
[EventType "swiss"]
[EventRounds "9"]
[EventCountry "ESP"]
[Source "lmi"]
[SourceDate "2016.02.04"]

1. d4 d5 2. c4 e6 3. Nf3 Nf6 4. Nc3 Be7 5. Bf4 O-O 6. e3 c6 7. Bd3 Nbd7 8. h3
dxc4 9. Bxc4 b5 10. Bd3 a6 11. Rc1 Bb7 12. O-O c5 13. dxc5 Nxc5 14. Bb1 Qb6 15.
Qe2 Rad8 16. b4 Bxf3 17. Qxf3 Nd3 18. Bc7 Qxc7 19. Nd5 Qd7 20. Nxf6+ Bxf6 21.
Rcd1 Ne5 22. Qe4 Qxd1 23. Qxh7# 1-0

[Event "Madrid-ch Previa B"]
[Site "Madrid ESP"]
[Date "2016.02.04"]
[Round "1.11"]
[White "Alvear Zapata, Juan Pablo"]
[Black "Osorio Ramos, Francisco"]
[Result "0-1"]
[WhiteElo "1447"]
[BlackElo "1821"]
[PlyCount "64"]
[EventDate "2016.02.04"]
[EventType "swiss"]
[EventRounds "9"]
[EventCountry "ESP"]
[Source "lmi"]
[SourceDate "2016.02.04"]

1. f4 g6 2. Nf3 Bg7 3. g3 d6 4. Bg2 c5 5. O-O Nc6 6. c3 Rb8 7. d3 Nh6 8. h3 Bd7
9. e4 b5 10. Qe1 Qc7 11. e5 dxe5 12. fxe5 O-O 13. Bf4 e6 14. Qe3 Nf5 15. Qxc5
Qb6 16. Qxb6 Rxb6 17. Nbd2 h6 18. g4 Nfe7 19. Be3 Rb7 20. Bc5 Rd8 21. Ne4 Nc8
22. d4 b4 23. c4 Na5 24. Nfd2 Bc6 25. b3 Bxe4 26. Nxe4 Rbd7 27. Nf6+ Bxf6 28.
Rxf6 Ne7 29. Raf1 Nec6 30. R6f4 Rc8 31. d5 Nxe5 32. Rd4 Rxc5 0-1

[Event "Madrid-ch Previa B"]
[Site "Madrid ESP"]
[Date "2016.02.04"]
[Round "1.12"]
[White "San Vicente Cosculluela, Jose Luis"]
[Black "Ochoa Gonzalez, Hugo"]
[Result "1-0"]
[WhiteElo "1812"]
[BlackElo "1346"]
[PlyCount "81"]
[EventDate "2016.02.04"]
[EventType "swiss"]
[EventRounds "9"]
[EventCountry "ESP"]
[Source "lmi"]
[SourceDate "2016.02.04"]

1. e4 c5 2. Nf3 e6 3. d3 a6 4. g3 Qc7 5. Bg2 Nc6 6. O-O d6 7. Re1 Nf6 8. Nbd2
b5 9. e5 Ng4 10. exd6 Bxd6 11. Ne4 Be7 12. h3 Nf6 13. Bf4 Qb6 14. Ne5 Nxe4 15.
Nxc6 Nf6 16. Nxe7 Bb7 17. Nf5 O-O 18. Bxb7 Qxb7 19. Nd6 Qd5 20. Ne4 Nh5 21. Nc3
Qf5 22. Re5 Qg6 23. Qxh5 Qxh5 24. Rxh5 f6 25. Rxc5 g5 26. Bd6 Rf7 27. Re1 Rg7
28. Rxe6 f5 29. Rxf5 g4 30. Ref6 h5 31. Rxh5 Re8 32. Ne4 gxh3 33. Rxh3 Rc8 34.
c3 a5 35. Rfh6 Rc6 36. Rh8+ Kf7 37. R3h6 Rg4 38. R8h7+ Ke8 39. Nf6+ Kd8 40.
Rh8+ Rg8 41. Rxg8# 1-0

[Event "Madrid-ch Previa B"]
[Site "Madrid ESP"]
[Date "2016.02.05"]
[Round "2.1"]
[White "Ocaña Lameiro, Oliver"]
[Black "Serrano Garcia, Vicente"]
[Result "1-0"]
[WhiteElo "1932"]
[BlackElo "1826"]
[PlyCount "117"]
[EventDate "2016.02.04"]
[EventType "swiss"]
[EventRounds "9"]
[EventCountry "ESP"]
[Source "lmi"]
[SourceDate "2016.02.04"]

1. d4 Nf6 2. Nf3 g6 3. g3 Bg7 4. Bg2 O-O 5. O-O d5 6. c4 c6 7. Nc3 Nbd7 8. cxd5
cxd5 9. Qb3 Nb6 10. Ne5 e6 11. Rd1 Bd7 12. a4 Bc6 13. a5 Nc4 14. Nxc4 dxc4 15.
Qxc4 Bxg2 16. Kxg2 Rc8 17. Qb3 Qd7 18. e4 Rfd8 19. Bg5 h6 20. Bxf6 Bxf6 21. e5
Be7 22. d5 exd5 23. Rxd5 Rxc3 24. Rxd7 Rxb3 25. Rxe7 Rxb2 26. a6 bxa6 27. Rxa6
Rdd2 28. Rf6 Re2 29. Rexf7 g5 30. e6 Rxe6 31. Rxe6 Kxf7 32. Rxh6 a5 33. Ra6 Ra2
34. h3 a4 35. Kf3 a3 36. Kg4 Rxf2 37. Rxa3 Rh2 38. Ra5 Kf6 39. Rf5+ Kg6 40.
Rxg5+ Kh6 41. Ra5 Rb2 42. Ra6+ Kg7 43. h4 Rb4+ 44. Kh3 Rb3 45. h5 Rc3 46. Kh4
Rc4+ 47. g4 Rc5 48. Ra7+ Kh8 49. h6 Rb5 50. g5 Rb4+ 51. Kh5 Rb6 52. g6 Rb5+ 53.
Kg4 Rb4+ 54. Kf5 Rb5+ 55. Ke4 Rb4+ 56. Kd5 Rb8 57. Re7 Rd8+ 58. Ke6 Rf8 59. g7+
1-0

[Event "Madrid-ch Previa B"]
[Site "Madrid ESP"]
[Date "2016.02.05"]
[Round "2.2"]
[White "Garcia Serrano, Jose M"]
[Black "San Vicente Cosculluela, Jose Luis"]
[Result "1-0"]
[WhiteElo "1917"]
[BlackElo "1812"]
[PlyCount "89"]
[EventDate "2016.02.04"]
[EventType "swiss"]
[EventRounds "9"]
[EventCountry "ESP"]
[Source "lmi"]
[SourceDate "2016.02.04"]

1. e4 e5 2. f4 d5 3. exd5 c6 4. Nf3 e4 5. Ne5 cxd5 6. Nc3 Nf6 7. d4 a6 8. Be2
Nc6 9. O-O h5 10. f5 Bd6 11. Bg5 Qb6 12. Nxc6 bxc6 13. Na4 Qc7 14. h3 h4 15.
Qd2 a5 16. c4 Ba6 17. cxd5 Bh2+ 18. Kh1 Bxe2 19. Qxe2 Nh5 20. Qxe4+ Kf8 21.
Bxh4 Re8 22. Qg4 Bg3 23. Rf3 Bxh4 24. Qxh4 cxd5 25. Nc5 Kg8 26. Re1 Rxe1+ 27.
Qxe1 Nf6 28. Qe5 Qb6 29. Rb3 Qc6 30. Qg3 Rh6 31. Qb8+ Kh7 32. Qf8 Qc7 33. Rb8
Rxh3+ 34. gxh3 Kh6 35. Qh8+ Nh7 36. Qd8 Qg3 37. Rb6+ Kh5 38. Qxd5 Qxh3+ 39. Kg1
Qe3+ 40. Kf1 Qc1+ 41. Ke2 Qc2+ 42. Ke3 Nf6 43. Qh1+ Kg4 44. Rxf6 gxf6 45. Qe4+
1-0

[Event "Madrid-ch Previa B"]
[Site "Madrid ESP"]
[Date "2016.02.05"]
[Round "2.3"]
[White "Camarero Izquierdo, Juan Carlos"]
[Black "Morera Rodriguez, Ignacio"]
[Result "0-1"]
[WhiteElo "1833"]
[BlackElo "1895"]
[PlyCount "44"]
[EventDate "2016.02.04"]
[EventType "swiss"]
[EventRounds "9"]
[EventCountry "ESP"]
[Source "lmi"]
[SourceDate "2016.02.04"]

1. d4 Nf6 2. Nc3 d5 3. Bg5 c5 4. dxc5 d4 5. Bxf6 exf6 6. Ne4 Bf5 7. Nd6+ Bxd6
8. cxd6 Qxd6 9. Qd2 Qb6 10. O-O-O Nc6 11. e4 dxe3 12. Re1 O-O 13. Qxe3 Qa5 14.
Bc4 Nb4 15. Bb3 Rac8 16. Re2 Nxa2+ 17. Kb1 Nc3+ 18. bxc3 Rxc3 19. Bxf7+ Rxf7
20. Qf4 Rb3+ 21. Kc1 Qa1+ 22. Kd2 Rd7+ 0-1

[Event "Madrid-ch Previa B"]
[Site "Madrid ESP"]
[Date "2016.02.05"]
[Round "2.4"]
[White "Perea Blanco, David"]
[Black "Barragan Arriaza, Pablo"]
[Result "1-0"]
[WhiteElo "1884"]
[BlackElo "1616"]
[PlyCount "84"]
[EventDate "2016.02.04"]
[EventType "swiss"]
[EventRounds "9"]
[EventCountry "ESP"]
[Source "lmi"]
[SourceDate "2016.02.04"]

1. d4 d5 2. Nf3 c6 3. g3 Nf6 4. Bg2 e6 5. O-O Bd6 6. c4 Nbd7 7. c5 Bc7 8. Nc3
O-O 9. Bg5 h6 10. Bxf6 Nxf6 11. Ne5 Bxe5 12. dxe5 Nd7 13. Qd4 b6 14. cxb6 Qxb6
15. Qxb6 axb6 16. f4 Ba6 17. Rfd1 c5 18. e3 Rac8 19. Ne4 dxe4 20. Rxd7 Bd3 21.
Rd1 b5 22. a3 Rb8 23. Kf2 b4 24. a4 Rfc8 25. Rc1 c4 26. Rd4 Rd8 27. Bf1 Rxd4
28. exd4 Bxf1 29. Kxf1 c3 30. bxc3 Rc8 31. c4 b3 32. c5 Kh7 33. Rb1 Rd8 34.
Rxb3 Rxd4 35. a5 Rd7 36. Ke2 Kg6 37. g4 h5 38. h3 hxg4 39. hxg4 Kh6 40. Ke3 g5
41. c6 gxf4+ 42. Kxf4 Rd3 1-0

[Event "Madrid-ch Previa B"]
[Site "Madrid ESP"]
[Date "2016.02.05"]
[Round "2.5"]
[White "Osorio Ramos, Francisco"]
[Black "Molina Garcia, Francisco J"]
[Result "0-1"]
[WhiteElo "1821"]
[BlackElo "1876"]
[PlyCount "52"]
[EventDate "2016.02.04"]
[EventType "swiss"]
[EventRounds "9"]
[EventCountry "ESP"]
[Source "lmi"]
[SourceDate "2016.02.04"]

1. d4 d5 2. c4 e6 3. Nf3 Nf6 4. Nc3 Be7 5. Bf4 O-O 6. e3 a6 7. Be2 dxc4 8. Bxc4
b5 9. Bd3 Bb7 10. Rc1 Nbd7 11. O-O Rc8 12. Ne5 c5 13. Nxd7 Qxd7 14. dxc5 Rfd8
15. c6 Bxc6 16. Bb1 Qb7 17. Qe2 Bxg2 18. Rfe1 Bf3 19. Qf1 Rd2 20. e4 Rxb2 21.
e5 Ng4 22. Qd3 g6 23. Ne4 Rxc1 24. Bxc1 Bxe4 25. Qxe4 Qxe4 26. Rxe4 Rxb1 0-1

[Event "Madrid-ch Previa B"]
[Site "Madrid ESP"]
[Date "2016.02.05"]
[Round "2.6"]
[White "Tronch Ilzarbe, Carlos Maria"]
[Black "Yeves Miquel, Enrique"]
[Result "1/2-1/2"]
[WhiteElo "1744"]
[BlackElo "1836"]
[PlyCount "51"]
[EventDate "2016.02.04"]
[EventType "swiss"]
[EventRounds "9"]
[EventCountry "ESP"]
[Source "lmi"]
[SourceDate "2016.02.04"]

1. e4 c5 2. Nf3 e6 3. c3 Nf6 4. Bd3 Nc6 5. Bc2 d5 6. e5 Nd7 7. d4 Be7 8. O-O b6
9. a3 Ba6 10. Re1 Rc8 11. Nbd2 Qc7 12. Nf1 cxd4 13. Nxd4 Nxd4 14. Qxd4 Qc4 15.
Qxc4 Bxc4 16. Nd2 Bb5 17. Nf3 O-O 18. Be3 Bc5 19. Bd4 a5 20. a4 Ba6 21. h4 h6
22. Rac1 Be7 23. g3 Bc4 24. Kg2 Rc6 25. g4 Nc5 26. g5 1/2-1/2

[Event "Madrid-ch Previa B"]
[Site "Madrid ESP"]
[Date "2016.02.05"]
[Round "2.8"]
[White "Canseco Arenas, Alfonso"]
[Black "Garcia Sanz, Eduardo"]
[Result "0-1"]
[WhiteElo "1697"]
[BlackElo "1847"]
[PlyCount "64"]
[EventDate "2016.02.04"]
[EventType "swiss"]
[EventRounds "9"]
[EventCountry "ESP"]
[Source "lmi"]
[SourceDate "2016.02.04"]

1. a3 d5 2. Nf3 c5 3. c4 e6 4. cxd5 exd5 5. d4 Nc6 6. e3 Nf6 7. Be2 Be7 8. O-O
O-O 9. Nc3 Re8 10. h3 Ne4 11. Bb5 Nxc3 12. bxc3 Bf6 13. Bb2 Qb6 14. a4 a6 15.
Bxc6 bxc6 16. Qc2 g6 17. Ba3 cxd4 18. cxd4 Bf5 19. Qc3 Rab8 20. Nd2 Rec8 21. g4
c5 22. gxf5 cxd4 23. Qd3 Rc3 24. Qe2 dxe3 25. Rab1 Qc7 26. Rxb8+ Qxb8 27. Nb1
exf2+ 28. Rxf2 Qxb1+ 29. Rf1 Qb6+ 30. Kg2 Rxa3 31. fxg6 hxg6 32. h4 Qb2 0-1

[Event "Madrid-ch Previa B"]
[Site "Madrid ESP"]
[Date "2016.02.05"]
[Round "2.9"]
[White "Caravantes Camacho, Fernando"]
[Black "Sirera Ripoll, Jose Luis"]
[Result "0-1"]
[WhiteElo "1634"]
[BlackElo "1807"]
[PlyCount "90"]
[EventDate "2016.02.04"]
[EventType "swiss"]
[EventRounds "9"]
[EventCountry "ESP"]
[Source "lmi"]
[SourceDate "2016.02.04"]

1. e4 c5 2. Nf3 d6 3. d4 cxd4 4. Nxd4 Nf6 5. Nc3 g6 6. Be2 Bg7 7. Be3 O-O 8. f3
Nc6 9. Qd2 Bd7 10. g4 Rc8 11. h4 Ne5 12. h5 Re8 13. hxg6 hxg6 14. Bh6 Bh8 15.
Bd1 Qb6 16. Rb1 e6 17. Be3 Nc4 18. Qh2 Bg7 19. Bf2 Qa5 20. Nb3 Qb4 21. a3 Nxa3
22. bxa3 Qxc3+ 23. Kf1 e5 24. Kg2 d5 25. g5 Nh5 26. Be1 Qc4 27. Nd2 Qc6 28.
exd5 Qxd5 29. Ne4 Ba4 30. c4 Rxc4 31. Bxa4 Rxa4 32. Nc3 Qd3 33. Rxb7 Rxa3 34.
Qh4 Qc2+ 35. Qf2 Nf4+ 36. Kg1 Rxc3 37. Bxc3 Qxc3 38. Rxa7 e4 39. Rd7 e3 40. Qa2
Qe1+ 41. Kh2 Qh4+ 42. Kg1 Qg3+ 43. Kf1 e2+ 44. Qxe2 Nxe2 45. Rd3 Bc3 0-1

[Event "Madrid-ch Previa B"]
[Site "Madrid ESP"]
[Date "2016.02.05"]
[Round "2.10"]
[White "Cuellar Gutierrez, Raul"]
[Black "Fernandez Estremera, Fernando"]
[Result "1-0"]
[WhiteElo "1797"]
[BlackElo "1589"]
[PlyCount "57"]
[EventDate "2016.02.04"]
[EventType "swiss"]
[EventRounds "9"]
[EventCountry "ESP"]
[Source "lmi"]
[SourceDate "2016.02.04"]

1. e4 c5 2. Nf3 e6 3. Nc3 a6 4. Be2 Qc7 5. O-O d6 6. d4 cxd4 7. Nxd4 Nf6 8. Bg5
Be7 9. Qd3 Nbd7 10. Qg3 b5 11. a3 Bb7 12. Rfe1 Qc5 13. Be3 Nxe4 14. Nxe4 Bxe4
15. Nxe6 Qc6 16. Nxg7+ Kd8 17. f3 Bg6 18. Bd4 Nf6 19. Rad1 Kc7 20. c4 b4 21. c5
bxa3 22. Bb5 Qxb5 23. Rxe7+ Nd7 24. Qxd6+ Kc8 25. c6 Rd8 26. cxd7+ Kb7 27. Rc1
Qa5 28. Qc6+ Kb8 29. Bb6 1-0

[Event "Madrid-ch Previa B"]
[Site "Madrid ESP"]
[Date "2016.02.05"]
[Round "2.11"]
[White "Ruiz Bazaga, Miriam"]
[Black "Cruz Gonzalez, Antonio"]
[Result "0-1"]
[WhiteElo "1590"]
[BlackElo "1709"]
[PlyCount "68"]
[EventDate "2016.02.04"]
[EventType "swiss"]
[EventRounds "9"]
[EventCountry "ESP"]
[Source "lmi"]
[SourceDate "2016.02.04"]

1. e4 e6 2. d4 d5 3. exd5 Qxd5 4. Nc3 Bb4 5. Nf3 Nf6 6. Bd2 Qd8 7. Bd3 a6 8.
Ne4 Be7 9. O-O Nbd7 10. Bg5 O-O 11. c3 Nxe4 12. Bxe7 Nxf2 13. Rxf2 Qxe7 14. Qc2
h6 15. Re1 Nf6 16. Ne5 Bd7 17. Re3 Nd5 18. Rg3 Be8 19. Qd2 Kh8 20. Rh3 f5 21.
Be2 Rf6 22. c4 Nb4 23. a3 Nc6 24. Nf3 Rd8 25. Bd1 Rg6 26. Ba4 Nxd4 27. Nxd4
Bxa4 28. Qe3 Re8 29. Re2 Qf7 30. b3 Bd7 31. Qf3 e5 32. Nc2 f4 33. Rh4 Qf6 34.
Rh5 Bg4 0-1

[Event "Madrid-ch Previa B"]
[Site "Madrid ESP"]
[Date "2016.02.05"]
[Round "2.12"]
[White "Alameda Arellano, Cristeto"]
[Black "Tapia Sanchez, Jose Manuel"]
[Result "0-1"]
[WhiteElo "1520"]
[BlackElo "1699"]
[PlyCount "50"]
[EventDate "2016.02.04"]
[EventType "swiss"]
[EventRounds "9"]
[EventCountry "ESP"]
[Source "lmi"]
[SourceDate "2016.02.04"]

1. d4 Nf6 2. Nf3 b6 3. c4 e6 4. e3 Be7 5. Be2 Bb7 6. Nc3 d6 7. Qc2 Nbd7 8. Bd2
c5 9. O-O O-O 10. a4 d5 11. cxd5 exd5 12. Rfc1 Ne4 13. dxc5 bxc5 14. Qb3 Qb6
15. Bb5 c4 16. Qd1 Ndc5 17. Nxe4 Nxe4 18. Nd4 a6 19. a5 Qf6 20. f3 Nxd2 21. Ba4
Bb4 22. Rc2 Qe5 23. Rxd2 Qxe3+ 24. Rf2 Bc5 25. Kf1 Bxd4 0-1